{"text_format":"3","workbook":"xlsx","n_sheets":1,"sheets":["Лист1"],"read":"whole","date_system":"1900"}

{"sheet":"Лист1","index":0,"n_rows":25,"n_cols":20,"rows_kept":25}
["№","Код участника","Название ОУ","СНИЛС","Фамилия","Имя","Отчество","Пол","Дата рождения","Участник с ОВЗ","Класс","Класс участия","Первичный Балл","Добавлено по итогам апеляции","Итоговый балл","Макс.балл","Статус","Призер регионального/республиканского этапа прошлого года","Учитель","Место работы учителя"]
[1,"134003_16430183137_10","ГАОУ \"Гуманитарная гимназия-интернат для одаренных детей\"",16430183137,"Маликов","Раяз","Ильназович","м","21.02.2011","нет",8,8,50,null,50,100,"призер","нет","Абдуллина Миляуша Магьсумовна","ГАОУ \"Гуманитарная гимназия-интернат для одаренных детей\""]
[2,134002,"МБОУ \"АСОШ №2 с УИОП\"",16948543121,"Шакурова","Алина","Илгизаровна","ж","2011-11-28","нет",8,8,50,null,50,100,"призер","нет","Амирханов Инсаф Афтахович","МБОУ \"АСОШ №2 с УИОП\""]
[3,"134003_16305771659_10","ГАОУ \"Гуманитарная гимназия-интернат для одаренных детей\"",16305771659,"Сарваров","Фаяз","Ильшатович","м","20.11.2010","нет",8,8,16,null,16,100,"участник","нет","Абдуллина Миляуша Магьсумовна","ГАОУ \"Гуманитарная гимназия-интернат для одаренных детей\""]
[4,"134003_17083579187_10","ГАОУ \"Гуманитарная гимназия-интернат для одаренных детей\"",17083579187,"Садыков","Динис","Ильназович","м","16.01.2012","нет",8,8,51,null,51,100,"победитель","нет","Абдуллина Миляуша Магьсумовна","ГАОУ \"Гуманитарная гимназия-интернат для одаренных детей\""]
[5,"134010_16458945112_10","МБОУ \"Поисевская СОШ\"",16458945112,"Фазуллин","Данияр","Айзатович","м","14.03.2011","нет",8,8,15,null,15,100,"участник","нет","Шарипова Гульшат Ахматшаеховна","МБОУ \"Поисевская СОШ\""]
[6,"134010_15832399796_10","МБОУ \"Поисевская СОШ\"",15832399796,"Тимерова","Амина","Ильназовна","ж","11.03.2010","нет",9,9,36,null,36,100,"участник","нет","Шарипова Гульшат Ахматшаеховна","МБОУ \"Поисевская СОШ\""]
[7,134010,"МБОУ \"Поисевская СОШ\"",16263748582,"Хисматуллина","Сюмбель","Ришатовна","ж","2010-10-04","нет",9,9,12,null,12,100,"участник","нет","Шарипова Гульшат Ахматшаеховна","МБОУ \"Поисевская СОШ\""]
[8,"134003_17385499523_10","ГАОУ \"Гуманитарная гимназия-интернат для одаренных детей\"",17385499523,"Фархиев","Зиннур","Риналевич","м","19.11.2010","нет",9,9,37,null,37,100,"участник","нет","Абдуллина Миляуша Магьсумовна","ГАОУ \"Гуманитарная гимназия-интернат для одаренных детей\""]
[9,134002,"МБОУ \"АСОШ №2 с УИОП\"",16131880143,"Ахметов","Наиль","Камилевич","м","20.06.32010","нет",9,9,39,null,39,100,"участник","нет","Басырова Римма Рашитовна","МБОУ \"АСОШ №2 с УИОП\""]
[10,"134003_17247408978_10","ГАОУ \"Гуманитарная гимназия-интернат для одаренных детей\"",17247408978,"Ягофаров","Хасан","Русланович","м","21.10.2010","нет",9,9,19,null,19,100,"участник","нет","Абдуллина Миляуша Магьсумовна","ГАОУ \"Гуманитарная гимназия-интернат для одаренных детей\""]
[11,"134003_16130152812_10","ГАОУ \"Гуманитарная гимназия-интернат для одаренных детей\"",16130152812,"Хузин","Айвар","Ниязович","м","10.07.2010","нет",9,9,19,null,19,100,"участник","нет","Абдуллина Миляуша Магьсумовна","ГАОУ \"Гуманитарная гимназия-интернат для одарённых детей\""]
[12,"134003_16428439180_10","ГАОУ \"Гуманитарная гимназия-интернат для одаренных детей\"",16428439180,"Галимов","Данил","Рамилевич","м","08.06.2009","нет",10,10,62,null,62,100,"победитель","нет","Абдуллина Миляуша Магьсумовна","ГАОУ \"Гуманитарная гимназия-интернат для одаренных детей\""]
[13,"134003_16874002381_10","ГАОУ \"Гуманитарная гимназия-интернат для одаренных детей\"",16874002381,"Ямалов","Азамат","Филарисович","м","14.02.2008","нет",10,10,50,null,50,100,"призер","нет","Абдуллина Миляуша Магьсумовна","ГАОУ \"Гуманитарная гимназия-интернат для одаренных детей\""]
[14,"134003_15593406080_10","ГАОУ \"Гуманитарная гимназия-интернат для одаренных детей\"",15593406080,"Сарваров","Рамазан","Рушатович","м","25.08.2009","нет",10,10,40,null,40,100,"участник","нет","Абдуллина Миляуша Магьсумовна","ГАОУ \"Гуманитарная гимназия-интернат для одаренных детей\""]
[15,"134003_15441830450_10","ГАОУ \"Гуманитарная гимназия-интернат для одаренных детей\"",15441830450,"Баширов","Ильяс","Филарисович","м","13.04.2009","нет",10,10,32,null,32,100,"участник","нет","Абдуллина Миляуша Магьсумовна","ГАОУ \"Гуманитарная гимназия-интернат для одаренных детей\""]
[16,"134003_16863979340_10","ГАОУ \"Гуманитарная гимназия-интернат для одаренных детей\"",16863979340,"Рафикова","Руфина","Рустамовна","ж","31.08.2009","нет",10,10,10,null,10,100,"участник","нет","Абдуллина Миляуша Магьсумовна","ГАОУ \"Гуманитарная гимназия-интернат для одаренных детей\""]
[17,"134003_15431903546_10","ГАОУ \"Гуманитарная гимназия-интернат для одаренных детей\"",15431903546,"Шамсиева","Эльза","Динаровна","ж","04.11.2009","нет",10,10,16,null,16,100,"участник","нет","Абдуллина Миляуша Магьсумовна","ГАОУ \"Гуманитарная гимназия-интернат для одаренных детей\""]
[18,"134001_15739242387_10","МБОУ \"Актанышская СОШ №1\"",15739242387,"Фахразиев","Раяз","Камилевич","м","17.02.2009","нет",10,10,54,null,54,100,"призер","нет","Сафиуллин Руслан Наилевич","МБОУ \"Актанышская СОШ №1\""]
[19,"134001_15739242993_10","МБОУ \"Актанышская СОШ №1\"",15739242993,"Ибрагимов","Амир","Илгамович","м","19.01.2009","нет",10,10,50,null,50,100,"призер","нет","Сафиуллин Руслан Наилевич","МБОУ \"Актанышская СОШ №1\""]
[20,"134003_15581842892_10","ГАОУ \"Гуманитарная гимназия-интернат для одаренных детей\"",15581842892,"Шаймарданов","Амирхан","Алмазович","м","07.02.2008","нет",11,11,80,null,80,100,"победитель","нет","Абдуллина Миляуша Магьсумовна","ГАОУ \"Гуманитарная гимназия-интернат для одаренных детей\""]
[21,"134003_16250254839_10","ГАОУ \"Гуманитарная гимназия-интернат для одаренных детей\"",16250254839,"Хазиев","Румиль","Рустемович","м","12.02.2007","нет",11,11,68,null,68,100,"призер","нет","Абдуллина Миляуша Магьсумовна","ГАОУ \"Гуманитарная гимназия-интернат для одаренных детей\""]
[22,"134003_15772835302_10","ГАОУ \"Гуманитарная гимназия-интернат для одаренных детей\"",15772835302,"Кирамова","Зиля","Рамилевна","ж","24.11.2008","нет",11,11,30,null,30,100,"участник","нет","Абдуллина Миляуша Магьсумовна","ГАОУ \"Гуманитарная гимназия-интернат для одаренных детей\""]
[23,"134010_16417307253_10","МБОУ \"Поисевская СОШ\"",16417307253,"Мирзаянова","Азалия","Ильгизовна","ж","08.07.2008","нет",11,11,62,null,62,100,"участник","нет","Шарипова Гульшат Ахматшаеховна","МБОУ \"Поисевская СОШ\""]
[24,"134003_15420924240_10","ГАОУ \"Гуманитарная гимназия-интернат для одаренных детей\"",15420924240,"Шавалиева","Замира","Рашитовна","ж","05.03.2009","нет",11,11,7,null,7,100,"участник","нет","Абдуллина Миляуша Магьсумовна","ГАОУ \"Гуманитарная гимназия-интернат для одаренных детей\""]